Dr. Péter László halálára (1938 - 2015)

Bibliographic Details
Main Author: Máté, László, 1942- (Author)
Format: Article
Language:Hungarian
PhysicalDescription:Fotogr.
ISSN:1339-0945
Subjects:

MARC

LEADER 00000nab a2200000 a 4500
001 vtls011543394
003 SK-MaSNL
005 20260319070833.0
008 160405|2016 xo m| | |00 0|hun
038 |a KEVKJB 
040 |a KEVKJB  |b slo  |c KEVKJB  |e AACR2 
041 0 |a hun 
044 |a xo  |c SK 
080 |a 37.011.3-051(=511.141)  |2 2011 
100 1 |a Máté, László,  |d 1942-  |4 aut  |9 894859 
245 1 0 |a Dr. Péter László halálára (1938 - 2015)  |c Máté László 
300 |b Fotogr. 
600 1 7 |a Péter, László,  |d 1938-2015  |2 kevkjb  |9 1087570 
650 0 7 |a rodáci  |2 snkbucl  |9 30842 
651 7 |a Komárovce (Košice-okolie, Slovensko)  |2 snkbucl  |9 82292 
651 7 |a Košice-okolie (Slovensko : okres)  |2 kevkjb  |9 146743 
655 7 |a nekrológy  |2 kevkjb  |9 402542 
773 0 |t Kassai Figyelő  |g Évf. XIV, sz. 1 (2016), o. 11  |x 1339-0945 
852 |a KEVKJB  |b KIS3GCP 
958 |a HU 
958 |a NM 
958 |a BX 
999 |c 1788198  |d 1790128